Vestník MH SR
Saved in:
| Format: | Serial |
|---|---|
| Language: | Slovak |
| Published: |
Bratislava
Ministerstvo hospodárstva Slovenskej republiky
|
| Subjects: | |
| Tags: |
No Tags, Be the first to tag this record!
|
MARC
| LEADER | 00000nas1a2200000$$$4500 | ||
|---|---|---|---|
| 001 | 0001791 | ||
| 005 | 20250721100314.2 | ||
| 022 | |a 1336-3204 | ||
| 041 | 0 | |a slo | |
| 044 | |a SK | ||
| 245 | 1 | 0 | |a Vestník MH SR |
| 264 | 1 | |a Bratislava |b Ministerstvo hospodárstva Slovenskej republiky | |
| 500 | |a Časopis od r. 2013 nevychádza | ||
| 610 | 2 | 0 | |a hospodárstvo národné |
| 610 | 2 | 0 | |a Slovensko |
| 610 | 2 | 0 | |a MH SR Bratislava |